Hitparáda obchodných reťazcov je vyrovnaná

Koncom roku 2014 bol urobený prieskum, ktorý zisťoval, v ktorých obchodoch sa najvýhodnejšie nakupuje, najlepšie orientuje, prípadne ktoré predajne ponúkajú najčerstvejšie výrobky. Výsledky prieskumu.

Guardado en:
Detalles Bibliográficos
Formato: Capítulo de libro
Lenguaje:eslovaco
Materias:
Etiquetas: Agregar Etiqueta
Sin Etiquetas, Sea el primero en etiquetar este registro!

MARC

LEADER 00000naa a2200000 4500
001 0198282
005 20231011070249.9
041 0 |a slo 
044 |a SK 
245 1 0 |a Hitparáda obchodných reťazcov je vyrovnaná 
520 |a Koncom roku 2014 bol urobený prieskum, ktorý zisťoval, v ktorých obchodoch sa najvýhodnejšie nakupuje, najlepšie orientuje, prípadne ktoré predajne ponúkajú najčerstvejšie výrobky. Výsledky prieskumu. 
610 2 0 |a maloobchod 
610 2 0 |a predajne 
610 2 0 |a správanie spotrebiteľa